| 000 | 00528nam a2200205 a 4500 | ||
|---|---|---|---|
| 001 | 8651 | ||
| 003 | CO-ViMGA | ||
| 008 | 141112s2004 ck r 000 u spa d | ||
| 020 | _a9589012337 | ||
| 040 |
_aCO-ViMGA _bspa _cCO-ViMGA |
||
| 082 | 0 | 4 | _aCo863.3 I71m |
| 100 | 1 |
_aIsaacs, _98631 |
|
| 245 | 1 | 0 |
_aMaria / _cIsaacs Jorge |
| 260 |
_aBogotá, _cel Ancora, _c1989 |
||
| 300 | _a340 p. 19cm | ||
| 590 | _aEjemplares : 5 | ||
| 650 | 1 | 4 |
_aCristina, Maria Teresa _98632 |
| 650 | 1 | 4 |
_aNovela - colombiana _91193 |
| 942 |
_2ddc _cBK |
||
| 999 |
_c20290 _d20290 |
||